Marcianitos en paragüitas 1 /
Guardado en:
| Autor Principal: | |
|---|---|
| Formato: | Libro |
| Publicado: |
Buenos Aires :
Braga
|
| Materias: | |
| Etiquetas: |
Agregar Etiqueta
Sin Etiquetas, Sea el primero en etiquetar este registro!
|
| LEADER | 00693nam a22002295a 4500 | ||
|---|---|---|---|
| 001 | CEM.cems012550 | ||
| 005 | 20070823191959.0 | ||
| 008 | 130507b######################000#0#####d | ||
| 003 | CEMS | ||
| 020 | |a 9507550806 | ||
| 082 | 0 | 4 | |a SG372.41 |
| 100 | 1 | |a Luján Campos, María Luisa de | |
| 245 | 1 | 0 | |a Marcianitos en paragüitas 1 / |c María Luisa de Luján Campos. |
| 260 | |a Buenos Aires : |b Braga | ||
| 300 | |a 207 p. | ||
| 500 | |a Libro de lectura para 1º grado. | ||
| 653 | |a Biblioteca maría de los Ángeles saggio | ||
| 653 | |a Educación | ||
| 653 | |a Educación primaria | ||
| 653 | |a Lengua | ||
| 653 | |a Lengua-1º egb. | ||
| 859 | |a CEMS |b BIB. CEMS - 11 de abril |h SG372.41 |i L958 |p 23686.07 |t Ej.1 | ||
